|
|
|
|
| LEADER |
00000cam a2200000 a 4500 |
| 001 |
vtls001106555 |
| 003 |
SK-MaSNL |
| 005 |
20260301233217.0 |
| 008 |
240314s1977 xo a e n 00000 slo |
| 015 |
|
|
|a SNBA1977
|
| 035 |
|
|
|a SNK000049397
|
| 040 |
|
|
|a SNK
|b slo
|c SNK
|e AACR2
|
| 041 |
0 |
|
|a slo
|
| 044 |
|
|
|a xo
|c SK
|
| 080 |
|
|
|a 744.4(075.8)
|2 1981
|
| 080 |
|
|
|a 62-2
|2 1981
|
| 080 |
|
|
|a 378
|2 1981
|
| 100 |
1 |
|
|a Pažák, Alojz,
|d 1926-2015
|4 aut
|9 221961
|
| 245 |
1 |
0 |
|a Časti strojov a technické kreslenie
|c Alojz Pažák
|
| 250 |
|
|
|a 3. vyd.
|
| 260 |
|
|
|a Bratislava
|b Alfa
|a [Košice]
|b VŠT
|c 1977
|
| 300 |
|
|
|a 328 s., 33,33 AH
|b sch., tab.
|c 29 cm
|
| 366 |
|
|
|e 500 výt.
|
| 490 |
1 |
|
|a Dočasná vysokoškolská učebnica
|
| 504 |
|
|
|a Bibliogr.
|
| 650 |
0 |
7 |
|a technické kreslenie
|2 SNKPH
|9 3080
|
| 650 |
0 |
7 |
|a strojové súčiastky
|2 SNKPH
|9 116860
|
| 650 |
0 |
7 |
|a časti strojov
|2 SNKPH
|9 3575
|
| 650 |
0 |
7 |
|a zásady a pravidlá
|2 SNKPH
|9 627606
|
| 655 |
|
7 |
|a učebnice vysokých škôl
|2 SNKPH
|9 70191
|
| 830 |
|
0 |
|a Dočasná vysokoškolská učebnica
|9 279156
|
| 958 |
|
|
|a OND
|
| 958 |
|
|
|a NB
|
| 958 |
|
|
|a TL
|
| 999 |
|
|
|c 965043
|d 966973
|
| 952 |
|
|
|a SNK
|b SNK
|y PREZ
|7 0
|p 17A0925910
|o snkSB 25468/1
|0 0
|1 0
|4 0
|d 2014-01-24
|f 1
|l 0
|r 2025-03-28 00:00:00
|w 2026-02-24
|